000
00248nam a22001097a 4500
082
_a
920/SIN
100
_a
Singh, Dr.M.K.
_9
83542
245
_a
Modi's India
260
_a
Delhi
_b
Saddle Publishers
_c
2022
650
_a
Bikography
_9
83543
942
_c
BK
999
_c
68488
_d
68488